书目信息 |
| 题名: |
英法德日汉图解词典
|
|
| 作者: | 贾文波 , 车玉萍 , 纪田顺一郎 译 | |
| 分册: | ||
| 出版信息: | 北京 外语教学与研究出版社 2005 |
|
| 页数: | 401页 | |
| 开本: | 24cm | |
| 丛书名: | ||
| 单 册: | ||
| 中图分类: | H061 | |
| 科图分类: | ||
| 主题词: | 英语--法语--德语--日语--汉语--图解词典 , 英语 , 法语 , 德语 , 日语 , 汉语 , 图解词典 | |
| 电子资源: | ||
| ISBN: | 978-7-5600-3831-5 | |
| 000 | 01104nam0 2200337 450 | |
| 001 | 002899085 | |
| 005 | 20070805091657.25 | |
| 010 | @a978-7-5600-3831-5@b精装@dCNY109.00 | |
| 035 | @a002899085 | |
| 100 | @a20050617e20072005em y0chiy0110 ea | |
| 101 | 0 | @achi@amul |
| 102 | @aCN@b110000 | |
| 105 | @aab e 001yy | |
| 106 | @ar | |
| 200 | 1 | @a英法德日汉图解词典@Aying fa de ri han tu jie ci dian@f贾文波,车玉萍,(日)纪田顺一郎译@Fjia wen bo, che yu ping, ( ri ) ji tian shun yi lang yi |
| 210 | @a北京@c外语教学与研究出版社@d2005@h2007重印 | |
| 215 | @a401页@c图,照片,地图@d24cm | |
| 330 | @a本书共收入30000余条日常词汇,并配以1600余幅插图,涉及到人们日常生活中接触的各方面。 | |
| 606 | 0 | @a英语@x法语@x德语@x日语@x汉语@j图解词典 |
| 606 | 0 | @a英语 |
| 606 | 0 | @a法语 |
| 606 | 0 | @a德语 |
| 606 | 0 | @a日语 |
| 606 | 0 | @a汉语 |
| 606 | 0 | @a图解词典 |
| 690 | @aH061@v4 | |
| 701 | 0 | @a贾文波@Ajia wen bo@f(1955?~)@4译 |
| 701 | 0 | @a车玉萍@Ache yu ping@4译 |
| 701 | 0 | @c(日)@a纪田顺一郎@Aji tian shun yi lang@f(1935.4~)@4译 |
| 801 | 0 | @aCN@bNLC@c20070805 |
| 905 | @dH061@e186@f3 | |
| 英法德日汉图解词典/贾文波,车玉萍,(日)纪田顺一郎译.-北京:外语教学与研究出版社,2005(2007重印) |
| 401页:图,照片,地图;24cm |
| ISBN 978-7-5600-3831-5(精装):CNY109.00 |
| 本书共收入30000余条日常词汇,并配以1600余幅插图,涉及到人们日常生活中接触的各方面。 |
| ● |
| 相关链接 |
|
|
|
|
正题名:英法德日汉图解词典
索取号:H061/186
 
预约/预借
| 序号 | 登录号 | 条形码 | 馆藏地/架位号 | 状态 | 备注 |
| 1 | 0852263 | 208522632 | 第二样本阅览室/ [索取号:H061/186] | 在馆 | |
| 2 | 0852264 | 208522641 | 工具书阅览室/ [索取号:H061/186] | 在馆 | |
| 3 | 0852265 | 208522650 | 密集书库/ [索取号:H061/186] | 在馆 |